000 00539nam a2200145Ia 4500
008 231129s2013||||xx |||||||||||||| ||spa||
020 _a978958832374-9
040 _bspa
082 _a631.4786192 I59e
100 _aInstituto Geográfico Agustí­n Codazzi. Subdirección de Agrologí­a
245 0 _aEstudio general de suelos y zonificación de tierras departamento de Vichada escala 1.100.ooo
260 _c2013
264 _aBogotá Colombia : Imprenta Nacional de Colombia
942 _2ddc
_cBKS
999 _c13632
_d13632